000 00699nam a22002057a 4500
003 OSt
005 20250726015246.0
008 250726b |||||||| |||| 00| 0 eng d
020 _a978-621-8029-12-5
040 _aDWC-Main Lib
_cOC
082 _aFil. 657.96 M645a 2024
100 _aMillan , Zeus Vernon B.
245 _aAccounting for business combination ( advanced accounting 2)/
_cZeus Vernon B. Millan
250 _a2024 edition
260 _aBaguio City, Philippines :
_bBandolin Enterprise,
_cc2024.
300 _axvi, 615 pages :
_billustrations ;
_c22cm.
504 _aIncludes bibliographic references.
650 _a1. Combinations.
942 _2ddc
_cBK - FIL
_e2024 edition
_kFil.
_n0
999 _c3832
_d3832